000 01236cam a2200337 4500
008 090401t1994 xxu||||| |||| 00| 0 eng d
020 _a0854066551
035 _a(Sirsi) u60645
041 _aeng
050 _a690.0285
090 _aRICS 1994/48ABCD
100 _aWatson, Ian
245 4 _aThe client centred approach: developing expert systems for the construction industry: final report of the research project supported by the Royal Institution of Chartered Surveyors, the Department of Trade and Industry and the Science and Engineering Research Council.
260 _aLondon
_bRICS
_c1994
300 _a(68)p. ; 30cm.
350 _a14.95
650 _aBUILDING INDUSTRY
650 _aCONSTRUCTION INDUSTRY
650 _aDEPARTMENT OF TRADE AND INDUSTRY
650 _aEDESIRL PROJECT
650 _aEVOLUTIONARY DEVELOPMENT OF EXPERT SYSTEMS IN REAL LIFE
650 _aEXPERT SYSTEMS
650 _aSCIENCE AND ENGINEERING RESEARCH COUNCIL
650 _aUNIVERSITY OF SALFORD
690 _aMANAGEMENT-BUSINESS MANAGEMENT-INFORMATION MANAGEMENT
700 _aBrandon, Peter
700 _aBasden, Andrew
710 _aRoyal Institution of Chartered Surveyors
_94900
942 _n0
948 _c04/03/1997
999 _c94246
_d94246